000 00734nam a22002537a 4500
001 BR2015002406
003 BR-BrBNA
005 20230928104617.0
007 ta
008 230509b bl.||||| |||| 00| 0 por d
040 _aBR-BrBNA
_bpor
_cBiblioteca Nacional de Agricultura
041 _a(Por)
072 _aL01; E14
_b5212
090 _ 5212 BR2015002406
110 1 _aGrupo de Trabalho da Pecuária Sustentável, São Paulo, SP (Brasil)
_95452
245 1 _aPecuária sustentável na prática
260 3 _aSão Paulo, SP (Brasil):
_c2011.
300 _a77 p.
500 _a26 illus.; 15 tables
650 _aPECUÁRIA
650 _aDESENVOLVIMENTO SUSTENTÁVEL
909 _a202309
_bLucia
_c55
_dLucia Elande
942 _cBK
999 _c80836
_d80836